000 00320nam a2200097Ia 4500
008 160523s9999 xx 000 0 und d
245 _aSoil Health and Land Use Management
245 _cEdited by Maria C. Hernandez-Soriano
260 _c2012
856 _uhttp://www.intechopen.com/books/soil-health-and-land-use-management
999 _c294885
_d294885